000 01550nam a2200337 a 4500
999 _c13716
_d13716
003 BLK
005 20241206005450.0
008 180412b bul|||||r ||||||| ||bul||
010 _aKNG00015394000
020 _a954-8317-13-3
040 _aBLK
041 _aBUL
_cBUL
080 _aБългарска литература
_b821.163.2
_x-1
_z821.163.2-1
100 _aБагряна, Елисавета
_d1893-1991
_qБелчева, Елисавета Любомирова
_9364149
139 _aБагряна, Елисавета
_bБ 13
245 1 0 _aЖивота, който исках да бъде поема
_bИзбрана поезия
_cЕлисавета Багряна; под ред. на Блага Николова Димитрова; под ред. на Йордан Асенов Василев.
260 _aСофия
_bФонд 13 в. България
_c1993
300 _a264 с., 8 л.
_bпортр.
_c24 см
380 _aX
500 _aСъдържа и Автогр. текст ; летопис
700 _aДимитрова, Блага Николова
_d1922 - 2003
_gПисателка, поетеса, драматург, публицист, преводачка
_9363629
700 1 _aВасилев, Йордан Асенов
_eпод ред. на
_9364747
852 _aЦб 174739
_bЦб
856 4 _qpdf
_u
_i0.00
_ldisable
856 4 _qpdf
_u
_i0.00
_ldisable
942 _cKNG
_n0
_08
_s1
944 _aCR
_c15.01.2003
_k
_lCRON CRON
944 _aED
_c31.10.2006
999 _d13716
999 _d13716